Kanye West Intros - Statistics

General Stats
  • This quiz has been taken 128 times
  • The average score is 10 of 13
Answer Stats
Album Song % Correct
Graduation Good Morning
95%
My Beautiful Dark Twisted Fantasy Dark Fantasy
91%
Yeezus On Sight
88%
Late Registration Wake Up Mr. West
81%
ye I Thought About Killing You
80%
The Life Of Pablo Ultralight Beam
80%
Watch The Throne No Church In The Wild
73%
The College Dropout We Don't Care
72%
Donda Donda Chant
70%
Vultures 1 STARS
66%
808s & Heartbreak Say You Will
63%
KIDS SEE GHOSTS Feel The Love
51%
JESUS IS KING Every Hour
49%
No matching quizzes found
Score Distribution
Percent of People with Each Score
Percentile by Number Answered
Your Score History
You have not taken this quiz